000 00657 a2200217 4500
260 _aParis
260 _bORSTOM
245 _aCahiers ORSTOM, série pédologie, vol. 25, n° 1-2, 1989-90
300 _a208 p.
650 _a<Pédologie><Erodibilité des sols><Sols tropicaux>
260 _c1990
300 _bfig., tabl., photogr. ; 27 cm.
130 _lFr.
035 _a12818
035 _a12819
710 _aINSTITUT FRANCAIS DE RECHERCHE SCIENTIFIQUE POUR LE DEVELOPPEMENT EN COOPERATION. Paris
500 _aTexte sur deux colonnes. Texte en français, anglais et espagnol
999 _c10576
_d10576